BIBLIOTECA

SENCICO

Ciencia de materiales para ingenieros / (Registro nro. 2848)

Detalles MARC
000 -LEADER
fixed length control field 02364nam a2200313Ia 4500
003 - CONTROL NUMBER IDENTIFIER
control field PE SENCICO BE
005 - DATE AND TIME OF LATEST TRANSACTION
control field 20260226202328.0
008 - FIXED-LENGTH DATA ELEMENTS--GENERAL INFORMATION
fixed length control field 200515s9999 xx 000 0 und d
020 ## - INTERNATIONAL STANDARD BOOK NUMBER
International Standard Book Number 968 880 475 4
040 ## - CATALOGING SOURCE
Transcribing agency PE SENCICO
Language of cataloging PE SENCICO BE
041 ## - LANGUAGE CODE
Language code of text/sound track or separate title spa
082 ## - DEWEY DECIMAL CLASSIFICATION NUMBER
Classification number 620.11
Item number S47 1995
100 1# - MAIN ENTRY--PERSONAL NAME
Personal name Shackelford, James F.
9 (RLIN) 133
Relator term autor
245 10 - TITLE STATEMENT
Title Ciencia de materiales para ingenieros /
Statement of responsibility, etc. James F. Shackelford; traductora: Gloria Mata Hernandez; revisor: Juan A. Torre Marina
250 ## - EDITION STATEMENT
Edition statement 3a ed.
260 ## - PUBLICATION, DISTRIBUTION, ETC.
Place of publication, distribution, etc. Juárez [México] :
Name of publisher, distributor, etc. Prentice Hall Hispanoamericana ;
Date of publication, distribution, etc. 1995
300 ## - PHYSICAL DESCRIPTION
Extent 796 páginas :
Other physical details ilustraciones, tablas, diagramas ;
Dimensions 23.5 cm. x 19 cm.
505 0# - FORMATTED CONTENTS NOTE
Formatted contents note Materiales en Ingeniería--PARTE I : LOS FUNDAMENTOS :Enlazamiento Atómico—Estructura Cristalina-perfección—Estructura no cristalina-imperfección—Diagramas de fases-desarrollo de la microestructural en equilibrio—Cinética-tratamiento térmico—PARTE II : LOS MATERIALES ESTRUCTURALES : Metales— Cerámicas y Vidrios— Polímeros—Compuestos— PARTE III : los materiales electrónicos y magnéticos : Conducción eléctrica—Semiconductores—Materiales magnéticos—PARTE IV : MATERIALES EN EL DISEÑO DE INGENIERIA: Degradación ambiental— Selección de materiales
520 3# - SUMMARY, ETC.
Summary, etc. Presenta temas actualizados en el campo de la ciencia e ingeniería de materiales, y modificando descripciones de las áreas que se están cambiando rápidamente. Al llegar al final del siglo xx, los materiales de ingeniería están desempeñando un papel cada vez mas central en la tecnología moderna, al igual que en la economía mundial. La investigación reciente y fundamental sobre estructura de limites de grano, cuasicristales y fractales ha ampliado mucho nuestra comprensión de la estructura de los materiales. Se presentan ejercicios ilustrativos para mejorar la eficacia en la resolución de los problemas ilustrativos dentro de los capítulos, y se agregan mas de 150 problemas nuevos de tarea.
650 #0 - SUBJECT ADDED ENTRY--TOPICAL TERM
Topical term or geographic name entry element Materiales de construcción
9 (RLIN) 308
650 20 - SUBJECT ADDED ENTRY--TOPICAL TERM
Topical term or geographic name entry element Metales
9 (RLIN) 311
650 20 - SUBJECT ADDED ENTRY--TOPICAL TERM
Topical term or geographic name entry element Materiales cerámicos
9 (RLIN) 481
650 20 - SUBJECT ADDED ENTRY--TOPICAL TERM
Topical term or geographic name entry element Polímeros
9 (RLIN) 482
650 20 - SUBJECT ADDED ENTRY--TOPICAL TERM
Topical term or geographic name entry element Vidrios
9 (RLIN) 314
650 20 - SUBJECT ADDED ENTRY--TOPICAL TERM
Topical term or geographic name entry element Tecnología de materiales
9 (RLIN) 406
700 1# - ADDED ENTRY--PERSONAL NAME
Personal name Mata Hernandez, Gloria
9 (RLIN) 134
Relator term traductora
700 1# - ADDED ENTRY--PERSONAL NAME
Personal name Torre Marina, Juan A.
9 (RLIN) 135
Relator term revisor
942 ## - ADDED ENTRY ELEMENTS (KOHA)
Koha item type Libros
Source of classification or shelving scheme Dewey Decimal Classification
Existencias
Fecha de la última vez que lo usaron Pago total Signatura topográfica completa Código de barras Tipo de documento Estado perdido Sistema de clasificación Estado dañado No es para préstamo Retirado Ubicación permanente Ubicación actual Número de ejemplar
15/05/2020   620.11/S47/1995 BibZtruj25122544 Libros   Dewey Decimal Classification       Biblioteca Trujillo Biblioteca Trujillo  
11/12/2025   620.11/S47/1995/ej. 2 BibZtruj25122545 Libros   Dewey Decimal Classification       Biblioteca Trujillo Biblioteca Trujillo 2